| 000 | 01579cam a2200253 4500 | ||
|---|---|---|---|
| 001 | ##L132318 | ||
| 002 | ##8866 | ||
| 008 | 060125n2006 000 0 eng u | ||
| 020 | _a1903927609 | ||
| 035 | _a(Sirsi) u132318 | ||
| 041 | 0 | _aeng | |
| 050 | 0 | 4 | _a614.7026 $2 18 |
| 100 | 1 | _aLoose, Helen | |
| 245 | 0 | 2 | _aA practical guide to environmental issues in commercial property transactions |
| 260 |
_aLondon _bLegalease _c2006 |
||
| 300 |
_axii, 372p _c23cm. |
||
| 350 | _a49.95 | ||
| 505 | 2 | _aIntroduction -- What are environmental liabilities -- Environmental due diligence -- The contaminated land regime's transfer of liability rules -- Environmental insurance and problem sites -- Drafting sale agreements and leases -- Drafting business and share purchase agreements -- The liability of lenders and insolvency practitioners -- Post-completion issues -- Environmental policy, legislation and regulation. | |
| 520 | _aA practical and user-friendly guide on the most common environmental issues and corresponding risk management options that arise in commercial property transactions. Addresses actual or potential environmental liabilities by firstly identifying them in pre-contract enquiries or by due diligence, secondly by apportioning them in the legal documentation or by other means and thirdly by managing them post-completion. Contains tables of cases, statutes, statutory instruments, and European legislation. | ||
| 590 | _aIKA110406 | ||
| 690 | _aENVIRONMENTAL AND LAND CONSULTANCY-ENVIRONMENTAL MANAGEMENT | ||
| 700 | 1 | _aStalbow, Nick | |
| 942 | _n0 | ||
| 999 |
_c105095 _d105095 |
||